| 000 | 00538nam a2200181Ia 4500 | ||
|---|---|---|---|
| 003 | OSt | ||
| 005 | 20200925110254.0 | ||
| 008 | 190216s9999||||xx |||||||||||||| ||und|| | ||
| 020 | _a8120407830 | ||
| 040 | _coclc | ||
| 082 |
_a571.5382 _bRAZ/I |
||
| 100 |
_aRazdan, M K _94938 |
||
| 245 | 0 |
_aAn Introduction To Plant Tissue Culture / _cM K Razdan |
|
| 260 |
_bOxford And Ibh Publishing Co. Pvt Ltd, _c1995. _aNew Delhi: |
||
| 300 | _a398p | ||
| 650 | _aBotany | ||
| 942 |
_cBK _2ddc _h571.5382 _iRAZ/I _k571.5382 _mRAZ/I |
||
| 999 |
_c1453 _d1453 |
||